000 00438nam a2200181Ia 4500
001 22661
005 20260414150845.0
008 260414t2010||||xx |||||||||||||| ||spa||
041 _aESP
082 _a621.3827
_bS29
100 _aSchneider, Thomas
_eAUT
245 0 _aNonlinear optics in telecommunications
_b
260 _c2010
300 _a415 páginas :
_c23 cm.
650 _aTCA
654 _aCET
942 _cLIB
_dJUS
_fJUS
_2ddc
_n
999 _c22661
_d22661